Llegim el riu : Ciència ciutadana a la conca del riu llobregat Ciència ciutadana a la conca del riu llobregat
Descripción Física:
1 punt de llibre ; il·lustrat ; color ; 6 x 23 cm
Materias:
Punts de llibre
Idioma:
Catalán
MARC
| LEADER | 00000nrm a22000007a 4500 | ||
|---|---|---|---|
| 001 | 27673 | ||
| 003 | Arxiu | ||
| 005 | 20260324181513.0 | ||
| 008 | 230411b spa||||| |||| 00| 0 cat d | ||
| 017 | |a B 19011-2021 | ||
| 040 | |a agdb |b cat | ||
| 245 | |a Llegim el riu : |b Ciència ciutadana a la conca del riu llobregat | ||
| 246 | |a L'alegria és com un riu: flueix sense aturar-se : |b "El somriure al peu de l'escala" / Henry Miller | ||
| 260 | |a Barcelona : |b Diputació de Barcelona ; |c 2021 | ||
| 300 | |a 1 punt de llibre ; |b il·lustrat ; color ; |c 6 x 23 cm | ||
| 655 | 0 | |9 52700 |a Punts de llibre | |
| 710 | 1 | |a Barcelona (Catalunya : Província). |b Diputació |9 52408 | |
| 710 | |9 56165 |a Freshwater Ecology, Hydrology and Management (FEHM-Lab) | ||
| 710 | |9 56166 |a Associació Hàbitats | ||
| 942 | |2 udc |c ARXIU |n 1 | ||
| 952 | |0 0 |1 0 |2 udc |4 0 |6 NBM1713 |7 1 |9 66041 |a Arxiu |b Arxiu |d 2023-04-11 |l 0 |o NBM-17-13 |p 27673 |r 2023-04-11 00:00:00 |w 2023-04-11 |y ARXIU | ||
| 999 | |c 83331 |d 83331 | ||